000 00312nam a22001337a 4500
008 170628b xxu||||| |||| 00| 0 eng d
020 _a9780393977554
041 _aeng
080 _22ND
_a82
100 _a21
101 _aGJL
245 _aTHE NORTON ANTHOLOGY OF WORLD LITERATURE
_cLAWALL,S
942 _2udc
_cBK
999 _c19340
_d19340